000 01280nam a2200325 i 4500
003 EG-GICUC
005 20260127142117.0
008 260127s1989 ua ||||fr|||| 001 0 ara d
017 _a1988/5794
020 _a9774450094
040 _a EG-GICUC
_bara
_c EG-GICUC
_d EG-GICUC
_erda
041 _aara
082 0 4 _a343.423
_bم ع . ت
_221
092 0 4 _221
099 _aLaw1 10 343.423 م ع . ت 1989 1006592
100 0 _aمعوض عبد التواب.
_eمؤلف.
245 1 2 _aالتشريعات الجنائية الخاصة بحماية البيئة والأمن الصناعي /
_cالمستشار معوض عبد التواب.
264 1 _aالإسكندرية، مصر :
_bدار المطبوعات الجامعية،
_c1989.
300 _a309 صفحة ؛
_c24 سم.
_bإيضاحيات، صور، مثيليات ؛
336 _2rda content
_atext
337 _2rda media
_aComputer
338 _2rda carrier
_aOnline Resource
504 _aيشتمل على ارجاعات ببليوجرافية.
546 _aالنص باللغة العربية
650 1 _aالتشريعات المتعلقة بالبيئة.
_2qrmak
651 1 _2qrmak
856 4 0 _uhttps://fll.law.cu.edu.eg/fulltext/bks/B10-06592.pdf
905 _a18
942 _2ddc
_n0
_cBK
_e21
999 _c59594
_d59594